Statistiques concernant Clubs de football commençant par U.

Cliquez ici pour prendre le quiz!

Statistiques générales

  • Ce quiz a été pris 229 fois
  • Le résultat moyen est 4 sur 5

Statistiques - réponses

Réponse% Correct
Union Berlin
97%
Udinese
93%
Union Saint-Gilloise
86%
Utrecht
70%
US Concarneau
54%

Distribution des résultats

Percentile par nombre de réponses

% des personnes avec chaque résultat

Votre développement - résultats

Vous n’avez pas pris ce quiz